000
00339nam a2200145Ia 4500
008
191201s2012 xx 000 0 und d
082
_a
658.804
_b
SUI
100
_a
SUNDARAM, Anant K
245
0
_a
International Business Environment
250
_a
1st
260
_a
N.Delhi
_b
PHI
_c
2012
300
_a
347
650
_a
MBA
942
_2
ddc
_c
BK
999
_c
2889
_d
2889